Communications and information systems for battlefield command and control / (Record no. 183583)
[ view plain ]
| 000 -LEADER | |
|---|---|
| fixed length control field | 01071 a2200241 4500 |
| 003 - CONTROL NUMBER IDENTIFIER | |
| control field | Nust |
| 005 - DATE AND TIME OF LATEST TRANSACTION | |
| control field | 20230320112112.0 |
| 010 ## - LIBRARY OF CONGRESS CONTROL NUMBER | |
| LC control number | 89009900 |
| 020 ## - INTERNATIONAL STANDARD BOOK NUMBER | |
| International Standard Book Number | 0080362664 : |
| 020 ## - INTERNATIONAL STANDARD BOOK NUMBER | |
| International Standard Book Number | 0080362672 (flexicover) : |
| 040 ## - CATALOGING SOURCE | |
| Transcribing agency | Nust |
| 082 00 - DEWEY DECIMAL CLASSIFICATION NUMBER | |
| Classification number | 623.73,RIC |
| 100 1# - MAIN ENTRY--PERSONAL NAME | |
| Personal name | Rice, M. A. |
| 9 (RLIN) | 46762 |
| 245 10 - TITLE STATEMENT | |
| Title | Communications and information systems for battlefield command and control / |
| Statement of responsibility, etc. | M.A. Rice and A.J. Sammes. |
| 250 ## - EDITION STATEMENT | |
| Edition statement | Vol.5 |
| 260 ## - PUBLICATION, DISTRIBUTION, ETC. | |
| Place of publication, distribution, etc. | London ; |
| -- | Washington : |
| Name of publisher, distributor, etc. | Brassey's, |
| Date of publication, distribution, etc. | 1989. |
| 300 ## - PHYSICAL DESCRIPTION | |
| Extent | xxi, 276 p. : |
| Other physical details | ill ; |
| Dimensions | 26 cm. |
| 440 #0 - SERIES STATEMENT/ADDED ENTRY--TITLE | |
| Title | Land warfare ; |
| Volume/sequential designation | v. 5 |
| 9 (RLIN) | 102996 |
| 505 ## - FORMATTED CONTENTS NOTE | |
| Formatted contents note | Introduction (Page-1), Principles of Information Processing (Page-16), Processing (Page-38), Storage (Page-56), Input and Output (Page-82), Communications (Page-105), Design for the Battlefield Environment (Page-125), The Software Crisis (Page-156), Interoperability (Page-179), Security (Page-193), The Impact of CIS on the Organization (Page-217), The Future (Page-239). |
| 650 #0 - SUBJECT ADDED ENTRY--TOPICAL TERM | |
| Topical term or geographic name entry element | Command and control systems. |
| 700 1# - ADDED ENTRY--PERSONAL NAME | |
| Personal name | Sammes, A. J. |
| 9 (RLIN) | 46764 |
| 942 ## - ADDED ENTRY ELEMENTS (KOHA) | |
| Source of classification or shelving scheme | |
| Koha item type | Book |
| Withdrawn status | Lost status | Source of classification or shelving scheme | Damaged status | Not for loan | Permanent Location | Current Location | Shelving location | Date acquired | Full call number | Barcode | Date last seen | Price effective from | Koha item type | Public note |
|---|---|---|---|---|---|---|---|---|---|---|---|---|---|---|
| Military College of Signals (MCS) | Military College of Signals (MCS) | General Stacks | 12/12/2016 | 623.73,RIC | MCS27704 | 12/08/2016 | 12/12/2016 | Book | Almirah No.74, Shelf No.6 | |||||
| Military College of Signals (MCS) | Military College of Signals (MCS) | General Stacks | 12/12/2016 | 623.73,RIC | MCS27705 | 12/08/2016 | 12/12/2016 | Book | Almirah No.74, Shelf No.6 | |||||
| Military College of Signals (MCS) | Military College of Signals (MCS) | General Stacks | 12/12/2016 | 623.73,RIC | MCS27706 | 12/08/2016 | 12/12/2016 | Book | Almirah No.74, Shelf No.6 |
